|
|
|
|
| LEADER |
00000cam a22000004a 4500 |
| 001 |
musev2_7772 |
| 003 |
MdBmJHUP |
| 005 |
20230905040904.0 |
| 006 |
m o d |
| 007 |
cr||||||||nn|n |
| 008 |
030630s2003 nyu o 00 0 eng d |
| 010 |
|
|
|z 2003014980
|
| 020 |
|
|
|a 9780814739440
|
| 020 |
|
|
|z 9780814798874
|
| 035 |
|
|
|a (OCoLC)57361503
|
| 040 |
|
|
|a MdBmJHUP
|c MdBmJHUP
|
| 043 |
|
|
|a n-us---
|
| 050 |
0 |
4 |
|a KF4757.5.L38
|b B46 2003
|
| 082 |
0 |
|
|a 342.73/0873
|2 22
|
| 100 |
1 |
|
|a Bender, Steven.
|
| 245 |
1 |
0 |
|a Greasers and Gringos :
|b Latinos, Law, and the American Imagination /
|c Steven W. Bender.
|
| 264 |
|
1 |
|a New York :
|b New York University Press,
|c 2003.
|
| 264 |
|
3 |
|a Baltimore, Md. :
|b Project MUSE,
|c 2012
|
| 264 |
|
4 |
|c ©2003.
|
| 300 |
|
|
|a 1 online resource (320 pages).
|
| 336 |
|
|
|a text
|b txt
|2 rdacontent
|
| 337 |
|
|
|a computer
|b c
|2 rdamedia
|
| 338 |
|
|
|a online resource
|b cr
|2 rdacarrier
|
| 504 |
|
|
|a Includes bibliographical references and index.
|
| 588 |
|
|
|a Description based on print version record.
|
| 650 |
|
0 |
|a Hispanic Americans and mass media
|z United States.
|
| 650 |
|
0 |
|a Hispanic Americans
|x Social conditions.
|
| 650 |
|
0 |
|a Hispanic Americans
|x Legal status, laws, etc.
|z United States.
|
| 655 |
|
7 |
|a Electronic books.
|2 local
|
| 710 |
2 |
|
|a Project Muse.
|e distributor
|
| 830 |
|
0 |
|a Book collections on Project MUSE.
|
| 856 |
4 |
0 |
|z Texto completo
|u https://projectmuse.uam.elogim.com/book/7772/
|
| 945 |
|
|
|a Project MUSE - Custom Collection
|
| 945 |
|
|
|a Project MUSE - Archive Complete Foundation
|
| 945 |
|
|
|a Project MUSE - Archive Political Science and Policy Studies Foundation
|